Yếu tố biển trầm tích trong văn hoá Raglai

Giới thiệu cơ sở lý luận và thực tiễn về văn hoá Raglai. Yếu tố biển trong ngữ văn dân gian Raglai. Yếu tố biển trong các thành tố văn hoá khác của người Raglai

Gorde:
Xehetasun bibliografikoak
Egile nagusia: Trần Kiêm Hoàng
Beste egile batzuk: Chamaliaq Riya Tiẻnq
Formatua: Liburua
Hizkuntza:Vietnamese
Argitaratua: H. Đại học Quốc gia Hà Nội 2010
Gaiak:
Etiketak: Etiketa erantsi
Etiketarik gabe, Izan zaitez lehena erregistro honi etiketa jartzen!
Thư viện lưu trữ: Mạng thư viện Đại học Đà Nẵng
LEADER 01555nam a2200385 4500
001 000007105
003 3266
005 20111013151021.0
008 110926s2010 viesd
020 |c 000đ 
041 0 |a vie 
082 |a 398.20959762  |b TR-H 
100 0 |a Trần Kiêm Hoàng 
245 0 |a Yếu tố biển trầm tích trong văn hoá Raglai  |c Trần Kiêm Hoàng, Chamaliaq Riya Tiẻnq 
260 |a H.  |b Đại học Quốc gia Hà Nội  |c 2010 
300 |a 297 tr  |b bảng, ảnh màu  |c 21 cm 
500 |a ĐTTS ghi: Hội Văn nghệ dân gian Việt Nam 
504 |a Phụ lục: tr. 175-286. - Thư mục: tr. 289-294 
520 |a Giới thiệu cơ sở lý luận và thực tiễn về văn hoá Raglai. Yếu tố biển trong ngữ văn dân gian Raglai. Yếu tố biển trong các thành tố văn hoá khác của người Raglai 
653 |a Văn hoá dân gian 
653 |a Dân tộc Raglai 
653 |a Biển 
700 |a Chamaliaq Riya Tiẻnq 
700 |a Trần Kiêm Hoàng 
910 |a Nguyễn Thị Kim Oanh  |d 26/09/2011 
OWN |a LSP 
AVA |a UDN50  |b LSP  |d 398.20959762 TR-H  |e available  |t Error 5001 Not defined in file expand_doc_bib_avail.  |f 1  |g 0  |h N  |i 0  |k 1 
999 |a From the UDN01 
AVA |a UDN50  |b LSP  |d 398.20959762 TR-H  |e available  |t Error 5001 Not defined in file expand_doc_bib_avail.  |f 1  |g 0  |h N  |i 0  |k 1 
TYP |a Monograph 
TYP |a Printed language 
980 |a Mạng thư viện Đại học Đà Nẵng